LDR 00900naa#a2200181#i#450# 001 RU\INFRA-M\bibl\96013 005 20260416162917.4 011 ## _a2712-9640 100 ## _a20250922b2025####ek#y0rusy0150####ca 102 ## _aRU 200 1# _aПрогнозирование потоков электронов на круговой полярной орбите: отбор предикторов _eЖурнальная статья 210 1# _aМосква _cОбщество с ограниченной ответственностью «Научно-издательский центр ИНФРА-М» _d2025 215 ## _a10 с. 608 ## _aЖурнальная статья _2local 675 ## _aСистемы обработки численных данных. 004.67 _z 700 #1 _aБелова _gАнастасия Олеговна 700 #1 _aМягкова _gИрина Николаевна 856 4# _anaukaru.ru _u